LEADER 04225oam 2200793 450 001 9910141036403321 005 20230125184002.0 010 $a1-282-85193-4 010 $a9786612851933 010 $a1-897425-36-8 024 7 $aheb40007 035 $a(CKB)2670000000069158 035 $a(EBL)624079 035 $a(OCoLC)671374044 035 $a(SSID)ssj0000429956 035 $a(PQKBManifestationID)12183714 035 $a(PQKBTitleCode)TC0000429956 035 $a(PQKBWorkID)10452046 035 $a(PQKB)11676308 035 $a(CEL)434701 035 $a(CaBNvSL)slc00225275 035 $a(MiAaPQ)EBC3270641 035 $a(MiAaPQ)EBC4837959 035 $a(MiAaPQ)EBC624079 035 $a(Au-PeEL)EBL624079 035 $a(oapen)https://directory.doabooks.org/handle/20.500.12854/61148 035 $a(dli)heb40007.0001.001 035 $a(MiU)MIU400070001001 035 $a(VaAlCD)20.500.12592/vbkjx5 035 $a(EXLCZ)992670000000069158 100 $a20170426d2010 uy 0 101 0 $aeng 135 $aurbn#---|||u| 181 $ctxt$2rdacontent 182 $cc$2rdamedia 183 $acr$2rdacarrier 200 10$aTrail of story, traveller's path $ereflections on ethnoecology and landscape /$fby Leslie Main Johnson 210 $cAthabasca University Press$d2010 210 1$aEdmonton, Alberta :$cAU Press,$d2010. 210 4$dİ2010 215 $a1 online resource (257 pages) $cillustrations, maps 311 $a1-897425-35-X 320 $aIncludes bibliographical references and index. 327 $aCover Page -- Title Page -- Copyright Page -- Contents -- Figures -- Tables -- Acknowledgements -- Chapter 1 Trails and Visions: Reflections on Ethnoecology, Landscape, and Knowing -- Chapter 2 Landscape Ethnoecology: Nexus of People, Land, and Lifeways -- Chapter 3 Trail of Story: Gitksan Understanding of Land and Place -- Chapter 4 Traveller's Path: Witsuwit'en Knowledge of the Land -- Chapter 5 Of Berry Patches: What Makes a Kind of Place? -- Chapter 6 Lookouts, Moose Licks, and Fish Lakes: Considering Kaska Understanding of the Land -- Chapter 7 Envisioning Ethnoecology: Movement through Place and Season -- Chapter 8 A Gwich'in Year on the Land -- Chapter 9 Of Nets and Nodes: Reflections on Dene Ethnoecology and Landscape -- Chapter 10 Of Named Places -- Chapter 11 Trails versus Polygons: Contrasting Visions of the Land -- Chapter 12 Implications: GIS and the Storied Landscape -- Chapter 13 The Ecology of Knowing the Land -- Endnotes -- References -- Index. 330 $aTrail of Story examines the meaning of landscape, drawn from Leslie Main Johnsons rich experience with diverse environments and peoples, including the Gitksan and Witsuwiten of northwestern British Columbia, the Kaska Dene of the southern Yukon, and the Gwichin of the Mackenzie Delta. With passion and conviction, Johnson maintains that our response to our environment shapes our culture, determines our lifestyle, defines our identity, and sets the tone for our relationships and economies. With photos, she documents the landscape and contrasts the ecological relationships with land of First Nations peoples to those of non-indigenous scientists. The result is an absorbing study of local knowledge of place and a broad exploration of the meaning of landscape. 606 $aLandscape ecology$zCanada, Northern 606 $aTraditional ecological knowledge$zCanada, Northern 606 $aIndians of North America$xEthnobiology$zCanada, Northern 606 $aLandscapes$zCanada, Northern 606 $aNames, Geographical$zCanada, Northern 610 $aFirst Nations 610 $aculture 610 $aBritish Columbia 610 $ahistory 615 0$aLandscape ecology 615 0$aTraditional ecological knowledge 615 0$aIndians of North America$xEthnobiology 615 0$aLandscapes 615 0$aNames, Geographical 676 $a304.2089970719 700 $aJohnson$b Leslie Main$f1950-$0965212 801 0$bMiAaPQ 801 1$bMiAaPQ 801 2$bMiAaPQ 801 2$bUkMaJRU 906 $aBOOK 912 $a9910141036403321 996 $aTrail of story, traveller's path$92189828 997 $aUNINA LEADER 03078nam 2200661Ia 450 001 9910820947303321 005 20200520144314.0 010 $a1-119-96513-6 010 $a1-282-02820-0 010 $a9786612028205 010 $a0-470-68876-9 010 $a0-470-68877-7 035 $a(CKB)2670000000014786 035 $a(EBL)514462 035 $a(OCoLC)609863010 035 $a(SSID)ssj0000366162 035 $a(PQKBManifestationID)11263130 035 $a(PQKBTitleCode)TC0000366162 035 $a(PQKBWorkID)10413958 035 $a(PQKB)10046751 035 $a(MiAaPQ)EBC514462 035 $a(Au-PeEL)EBL514462 035 $a(CaPaEBR)ebr10377787 035 $a(CaONFJC)MIL202820 035 $a(EXLCZ)992670000000014786 100 $a20091008d2010 uy 0 101 0 $aeng 135 $aur|n|---||||| 181 $ctxt 182 $cc 183 $acr 200 10$aStable isotope forensics $ean introduction to the forensic application of stable isotope analysis /$fWolfram Meier-Augenstein 205 $a2nd ed. 210 $aChichester, West Sussex ;$aHoboken, NJ $cJ. Wiley$d2010 215 $a1 online resource (297 p.) 225 1 $aDevelopments in Forensic Science 225 1 $aTHEi Wiley ebooks 300 $aDescription based upon print version of record. 311 $a0-470-51705-0 320 $aIncludes bibliographical references and index. 327 $aStable Isotope Forensics; Contents; Series Foreword: Developments in Forensic Science Niamh Nic Da eid; Foreword: Sean Doyle; List of Figures; List of Tables; Introduction: Stable Isotope 'Fingerprinting' or Chemical 'DNA': A New Dawn for Forensic Chemistry?; I How It Works; II Instrumentation and Analytical Techniques; III Stable Isotope Forensics: Case Studies and Current Research; Government Agencies and Institutes with Dedicated Stable Isotope Laboratories; Acknowledgements; Recommended Reading; Author's Biography; Index 330 $aThis book provides the first comprehensive, overview and guide to forensic isotope analysis, an exciting new application of stable isotope analytical techniques. Topics are introduced using examples and real-life case studies such as food quality control where isotope analysis has already had a major impact, in terms of consumer protection, These examples illustrate the underlying principles of isotope profiling or fingerprinting. A section comprising actual criminal case work is used to build a bridge between the introduction and the technical section to encourage students to engage with thi 410 0$aWiley UBCM ebooks. 410 0$aDevelopments in Forensic Science 410 0$aTHEi Wiley ebooks. 606 $aChemistry, Forensic 606 $aStable isotopes 615 0$aChemistry, Forensic. 615 0$aStable isotopes. 676 $a363.25 700 $aMeier-Augenstein$b Wolfram$01692806 801 0$bMiAaPQ 801 1$bMiAaPQ 801 2$bMiAaPQ 906 $aBOOK 912 $a9910820947303321 996 $aStable isotope forensics$94070137 997 $aUNINA